Marki napojów - Statystyki

Ogólne statystyki
  • Ten quiz został rozwiązany 95 razy
  • Średni wynik to 19 z 71
Statystyki odpowiedzi
Hint Odpowiedź % Poprawnych
Napój Gazowany Coca cola
93%
Oranżada Hellena
88%
Napój Gazowany Pepsi
84%
Sok Tymbark
81%
Napój Gazowany Fanta
79%
Izotonik Oshee
75%
Napój Gazowany Mirinda
74%
Napój Gazowany Sprite
74%
Energetyk Tiger
73%
Woda Żywiec Zdrój
71%
Icetea Lipton
70%
Energetyk Redbull
70%
Energetyk Monster
64%
Napój Gazowany Hoop Cola
63%
Woda Muszynianka
56%
Napój Gazowany 7up
53%
Sok Hortex
49%
Woda Nałęczowianka
48%
Icetea Nestea
48%
Sok Kubuś
46%
Energetyk Dzik
43%
Izotonik 4move
36%
Woda Polaris
33%
Tonik Schweppes
29%
Woda Kropla Beskidu
28%
Sok Cappy
26%
Napój mleczny Mullermilch
25%
Woda Primavera
25%
Icetea Fuze tea
24%
Tonik Kinley
21%
Sok Caprio
20%
Napój gazowany Dr Pepper
20%
Sok/Izotonik Dr Witt
19%
Sok/Energetyk Frugo
19%
Sok Riviva
18%
Energetyk Burn
16%
Woda Saguaro
15%
Sok Tarczyn
14%
Woda Kinga Pienińska
13%
Woda Jurajska
11%
Energetyk Rockstar
11%
Sok Wojanek
11%
Sok Fortuna
10%
Sok Capri sun
8%
Woda Kryniczanka
8%
Napój gazowany Moutain Dew
8%
Woda Rodowita
8%
Napój owocowy Actimel
6%
Woda Staropolanka
6%
Woda Ustronianka
6%
Energetyk Black Energy
5%
Napój gazowanySok/Energetyk/Icetea Freeway
5%
Napój mleczny M&M
5%
Napój mleczny Milka
4%
Napój mleczny Snickers
4%
Woda Alcalia
3%
Napój mleczny MIlkyway
3%
Napój mleczny Monte Drink
3%
Napój mleczny Twix
3%
Woda/Izotonik Arctic+
1%
Napój mleczny Mars
1%
Sok Toma
1%
Napój owocowy Aktiplus
0%
Napój mleczny Bonuty
0%
Woda Cisowinka
0%
Energetyk Easy Boost
0%
Napój gazowany Ekipa
0%
Napój owocowy Gratka
0%
Icetea Herbalove
0%
Woda Perrier
0%
Sok/Napój proteinowy/Woda smakowa Vitanella
0%
Nie znaleziono quizów pasujących do podanych kryteriów
Rozkład punktacji
Procent ludzi z każdym wynikiem
Percentyl według liczby udzielonych odpowiedzi
Twoja historia wyników
Nie rozwiązałeś tego quizu